000 02490cam a2200349 ia4500
003 SA-RiAUC
005 20241124064922.0
008 241123s1999 su g b f00010 ara c
020 _a9960847128 (مجموعة)
020 _a9960847136 (مجلد 1)
020 _a9960847144 (مجلد 2)
024 0 _a00000000737474
040 _aSA-MdTU
_bara
_cSA-RiAUC
_dAE-DuMBRL
_erda
050 4 _b.T39 1999
082 0 4 _a228.9
_qSA-RiAUC
090 _a228.9
_bط و ي
100 1 _aالطويل، أحمد بن أحمد بن محمد
_eمؤلف.
245 1 0 _aفن الترتيل وعلومه /
_cتأليف الشيخ أحمد بن أحمد بن محمد عبد الله الطويل.
250 _aالطبعة الأولى.
264 1 _aالمدينة المنورة :
_aالرياض :
_bمجمع خادم الحرمين الشريفين الملك فهد لطباعة المصحف الشريف ؛
_bمركز الملك فيصل للبحوث والدراسات الإسلامية،
_c1999.
300 _a2 مجلد (1127 صفحة) ؛
_c24 × 17 سم
336 _aنص
_btxt
_2rdacontent
_3كتاب
337 _aبدون وسيط
_bn
_2rdamedia
338 _aمجلد
_bnc
_2rdacarrier
504 _aببليوجرافية : صفحة 1099-1112.
520 _a$aيتناول كتاب (فن الترتيل وعلومه) والذي قام بتأليفه أحمد بن أحمد بن محمد عبد الله الطويل في حوالي (1127) صفحة من القطع المتوسط موضوع (الترتيل) مستعرضا المحتويات التالية : الباب الأول : المصحف والأحرف السبعة والقراءات، الباب الثاني : ضوابط التلاوة وحكم التجويد، الباب الثالث : تعليم القرآن وتعلمه وآداب تلاوته، الباب الرابع : البسملة والتكبير بين القراء والفقهاء، الباب الخامس : أحكام التلاوة الفقهية وينقسم الجزء الثاني للكتاب إلى: الباب الأول : مقدمات علم التجويد والاستعاذة والبسملة، الباب الثاني : حق الحرف الباب الثالث : مستحق الحرف الباب الرابع : معرفة الوقوف.
630 2 7 _aالقرآن
_xتجويد
_2aucut
630 2 7 _aالقرآن
_xقراءات
_2aucut
730 2 2 _aالقرآن
942 _2ddc
_cBOOK
_n0
949 _aSA-JeALM
_d241123
_umohamedma123
_n1
999 _c2677
_d2677